| 000 | 01104cam a2200313 a 4500 | ||
|---|---|---|---|
| 999 |
_c2685 _d2685 |
||
| 001 | 14404569 | ||
| 003 | OSt | ||
| 005 | 20230201111615.0 | ||
| 008 | 060607s2007 maua 001 0 eng | ||
| 010 | _a 2006018999 | ||
| 020 | _a0321433327 | ||
| 020 | _a9780321433329 | ||
| 035 | _a(OCoLC)ocm70054323 | ||
| 040 |
_aDLC _cDLC _dBAKER _dC#P _dDLC |
||
| 050 | 0 | 0 |
_aQA76.73.C153 _bC38 2007 |
| 082 | 0 | 0 |
_a005.13 CAR 2007 _222 |
| 100 | 1 |
_aCarrano, Frank M. _95615 |
|
| 245 | 1 | 0 |
_aData abstraction & Problem solving with C++ : _bwalls & mirrors |
| 250 | _a5th ed. | ||
| 260 |
_aBoston; _bPearson/Addison Wesley, _c2007. |
||
| 300 |
_axvii, 970 p. : _bill. ; _c24 cm. |
||
| 500 | _aIncludes index. | ||
| 650 | 0 |
_aComputer program language _96304 |
|
| 650 | 0 |
_aAbstract data processing _96305 |
|
| 856 | 4 | 1 |
_3Table of contents _uhttp://www.loc.gov/catdir/toc/ecip0615/2006018999.html |
| 906 |
_a7 _bcbc _corignew _d1 _eecip _f20 _gy-gencatlg |
||
| 942 |
_2ddc _cSLOAN |
||